003970000a220010900045001000022000002450057000223000047000797730046001269420008001729520090001809990017002701 aCerny, Leonard J.10aShort-term counseling on the froniers : A case study aVol. 12, Núm 4 (1995), Páginas 189-1940 tInternational Journal of Frontier Misions cANA 001040708HEMaFUSBCbFUSBCd2016-01-26l0o r2016-01-26 00:00:00w2016-01-26yANA c55273d55273